Southville International School and Colleges
Your cart is empty.
  • Cart
  • Lists
    Public lists Eva Luna New books Lux_list list_1
    Your lists Log in to create your own lists
  • Log in to your account
  • Your cookies
  • Search history
Southville International School and Colleges
  • Advanced search
  • Recent comments
  • Most popular
  • Libraries

Log in to your account

Log in with GOOGLE


If you do not have an external account, but do have a local account, you can still log in:

  1. Home
  2. MARC view: Advance writing with english use :
Normal view MARC view ISBD view

Advance writing with english use : (Record no. 14475)

[ view plain ]
MARC details
000 -LEADER
fixed length control field 00557nam a2200181 a 4500
003 - CONTROL NUMBER IDENTIFIER
control field PILC
005 - DATE AND TIME OF LATEST TRANSACTION
control field 20150112093433.0
008 - FIXED-LENGTH DATA ELEMENTS--GENERAL INFORMATION
fixed length control field 100723s19uu xx 00 eng d
020 ## - INTERNATIONAL STANDARD BOOK NUMBER
International Standard Book Number 0194534468
050 ## - LIBRARY OF CONGRESS CALL NUMBER
Classification number PE 1408
Item number .C833 1996
082 ## - DEWEY DECIMAL CLASSIFICATION NUMBER
Classification number LiSF 808.042
Item number C81 1996
100 ## - MAIN ENTRY--PERSONAL NAME
Personal name Cory, Hugh
9 (RLIN) 14056
245 ## - TITLE STATEMENT
Title Advance writing with english use :
Remainder of title CAE /
Statement of responsibility, etc Hugh Cory
260 ## - PUBLICATION, DISTRIBUTION, ETC. (IMPRINT)
Place of publication, distribution, etc Walton Street, Oxford :
Name of publisher, distributor, etc Oxford University Press,
Date of publication, distribution, etc 1996.
300 ## - PHYSICAL DESCRIPTION
Extent 160 pages :
Other physical details illustration ;
Dimensions 28 cm.
650 ## - SUBJECT ADDED ENTRY--TOPICAL TERM
Topical term or geographic name as entry element Writing skills- English
9 (RLIN) 14044
942 ## - ADDED ENTRY ELEMENTS (KOHA)
Source of classification or shelving scheme Library of Congress Classification
Koha item type Books
Holdings
Withdrawn status Lost status Source of classification or shelving scheme Damaged status Home library Current library Shelving location Date acquired Total Checkouts Full call number Barcode Date last seen Copy number Price effective from Koha item type
    Library of Congress Classification   Southville International School Affiliated with Foreign Universities Library Southville International School Affiliated with Foreign Universities Library Southville Foreign University Section 08/27/2013   PE 1408 .C833 1996 SFU1166 05/15/2018 1 08/27/2013 Books

Advance writing with english use :

APA

Cory H., . (1996). Advance writing with english use. Walton Street, Oxford: Oxford University Press.

Chicago

Cory Hugh, . 1996. Advance writing with english use. Walton Street, Oxford: Oxford University Press.

Harvard

Cory H., . (1996). Advance writing with english use. Walton Street, Oxford: Oxford University Press.

MLA

Cory Hugh, . Advance writing with english use. Walton Street, Oxford: Oxford University Press. 1996.

  • Place hold
  • Print
  • Cite
  • Add to your cart (remove)
  • Save record
    BIBTEX Dublin Core MARCXML MARC (non-Unicode/MARC-8) MARC (Unicode/UTF-8) MARC (Unicode/UTF-8, Standard) MODS (XML) RIS
  • More searches
    Search for this title in:
    Other Libraries (WorldCat) Other Databases (Google Scholar) Online Stores (Bookfinder.com) Open Library (openlibrary.org)

Exporting to Dublin Core...

SOUTHVILLE LIBRARY

Southville International School and Colleges Library

1281 Tropical Ave. Cor. Luxembourg St., BF Homes International, Las Pinas City

Tel. No. 8256374 / 252358 Loc. 117/146

Powered by Koha